000 03061cam a2200301 4500500
005 20260405004006.0
041 _afre
042 _adc
100 1 0 _aPatricia, Grondin
_eauthor
245 0 0 _aLa photographie dans une classe de 6e en sortie terrain : un langage graphique pour exprimer la façon d’habiter l’espace
260 _c2026.
500 _a24
520 _aCet article explore le rôle de la photographie comme langage graphique en géographie dans une classe de 6e. En s’appuyant sur le concept de l’habiter, l’étude analyse comment les élèves perçoivent et représentent l’espace lors de sorties terrain. Les données comprennent des récits multimédias et des extraits de verbatims en séance. Les élèves adoptent une approche subjective pour documenter l’espace, valorisant des objets marquants et des pratiques spatiales. La photographie, couplée à une réflexion pédagogique, enrichit les apprentissages et encourage les élèves à se positionner en tant qu’acteurs. Toutefois l’adoption d’un regard conforme aux attentes scolaires peut masquer l’expression de leur expérience personnelle.
520 _aThis article explores the role of photography as a graphic language in geography for 6th-grade students. Based on the concept of inhabitation, the study analyses how pupils perceive and represent space during field trips. The data includes multimedia narratives and extracts of verbatims taken during sessions. Pupils adopt a subjective approach to documenting space, highlighting striking objects and spatial practices. Photography, coupled with pedagogical reflection, enriches learning and encourages pupils to position themselves as actors. However, adopting a viewpoint that conforms to school expectations can mask the expression of their personal experience.
520 _aEste artículo explora el papel de la fotografía como lenguaje gráfico en geografía en una clase de sexto curso. Basándose en el concepto de habitar, el estudio analiza cómo los alumnos perciben y representan el espacio durante las salidas de campo. Los datos incluyen relatos multimedia y extractos de transcripciones de las sesiones. Los alumnos adoptan un enfoque subjetivo para documentar el espacio, valorando los objetos destacados y las prácticas espaciales. La fotografía, junto con una reflexión pedagógica, enriquece el aprendizaje y anima a los alumnos a posicionarse como actores. Sin embargo, la adopción de una mirada acorde con las expectativas escolares puede ocultar la expresión de su experiencia personal.
690 _aacteur
690 _ahabiter
690 _aphotographie
690 _apoint de vue
690 _asortie terrain
690 _aactor
690 _adwelling
690 _afield trip
690 _aphotography
690 _apoint of view
786 0 _nRecherches en didactiques | 39-40 | 1-2 | 2026-02-03 | p. 311-337 | 2116-9683
856 4 1 _uhttps://shs.cairn.info/revue-recherches-en-didactiques-2025-1-2-page-311?lang=fr&redirect-ssocas=7080
999 _c2072701
_d2072701